000 01185nam a2200229Ia 4500
001 L235-9815
003 IT-CnALBA
008 170116s9999||||xx |||||||||||||| ||und||
040 _aIT-CnALBA
_cIT-CnALBA
041 _aITALIANO
100 _aPENCO B. GIOVANNI, DOTT.
245 0 _aVITA DEL CARDINALE ANDREA CARLO FERRARI. ARCIVESCOVO DI MILANO.
250 _a1a ed.
260 _aCREMONA
_bPIZZORNI. GRAFICA EDITORIALE
_c1926 [1° Ed.:1926 - Ed.Ling.Originale: 1926]
300 _a466 p.
500 _aA CURA DELLA COMPAGNIA DI SAN PAOLO. TAVOLE A COLORI. PREPARAZIONE. SACERDOTE. APOSTOLO. EDUCATORE. VESCOVO. PELLEGRINO APOSTOLICO. CULTO DI DIO. PASTORE. VIRTÙ DI VESVOVO. CARDINALE DEI GIOVANI. A ROMA. MARTIRIO E GLORIA.
501 _aSocietà San Paolo EM - Piazza San Paolo, 14 - 12051 ALBA (CN) (non commercial uses only) ® Copyright 2017
520 _aA CURA DELLA COMPAGNIA DI SAN PAOLO. TAVOLE A COLORI. PREPARAZIONE. SACERDOTE. APOSTOLO. EDUCATORE. VESCOVO. PELLEGRINO APOSTOLICO. CULTO DI DIO. PASTORE. VIRTÙ DI VESVOVO. CARDINALE DEI GIOVANI. A ROMA. MARTIRIO E GLORIA.
650 _aMARIA SS. ANGELI SANTI DEMONI
942 _cBK
957 _71
999 _a10791
_bSI
_g Copie: 1
_c268991
_d268991